Kam za ptáky v České republice /

Main Author: Klvaňová, Alena, 1978-
Language: Czech
Published: Praha : Grada, 2016
Edition: První vydání
Subjects:
Physical Description: 263 stran : ilustrace (převážně barevné), mapy ; 24 cm
Book
Saved in:
LEADER 01911nam a2200541 i 4500
001 nkc20162830923
003 CZ PrNK
005 20161026111948.0
007 ta
008 160902s2016 xr ab e f 001 0 cze
015 |a cnb002830923 
020 |a 978-80-247-5778-0  |q (brožováno) 
035 |a (OCoLC)962340769 
040 |a OLA001  |b cze  |d ABA001  |e rda 
043 |a e-xr--- 
072 7 |a 59  |x Zoologie  |2 Konspekt  |9 2 
080 |a 598.2  |2 MRF 
080 |a 591.9  |2 MRF 
080 |a 591.521  |2 MRF 
080 |a (437.3)  |2 MRF 
080 |a (035)  |2 MRF 
080 |a (036)  |2 MRF 
100 1 |a Klvaňová, Alena,  |d 1978-  |7 ola2016928583  |4 aut 
245 1 0 |a Kam za ptáky v České republice /  |c Alena Klvaňová a kolektiv 
250 |a První vydání 
264 1 |a Praha :  |b Grada,  |c 2016 
300 |a 263 stran :  |b ilustrace (převážně barevné), mapy ;  |c 24 cm 
336 |a text  |b txt  |2 rdacontent 
337 |a bez média  |b n  |2 rdamedia 
338 |a svazek  |b nc  |2 rdacarrier 
504 |a Obsahuje bibliografie, bibliografické odkazy a rejstřík 
650 0 7 |a ptáci  |7 ph115956  |2 czenas 
650 0 7 |a fauna  |7 ph114529  |z Česko  |2 czenas 
650 0 7 |a hnízdiště  |7 ph153564  |z Česko  |2 czenas 
650 0 9 |a birds  |2 eczenas 
650 0 9 |a fauna  |z Czechia  |2 eczenas 
650 0 9 |a nests sides  |z Czechia  |2 eczenas 
655 7 |a příručky  |7 fd133209  |2 czenas 
655 7 |a průvodce  |7 fd133154  |2 czenas 
655 9 |a handbooks and manuals  |2 eczenas 
655 9 |a guidebooks  |2 eczenas 
910 2 |a BOA001  |b 2-1373.789 
990 |a BK 
995 |a 01 
991 |b 201610  |c NOV 
996 6 |b 2610683484  |c 2-1373.789  |l MZK  |r Sklad / do 1 hodiny  |n 0  |p p.v.  |w 001580560  |u 000010  |a 1  |e BOA001  |j MZK50  |s P 
996 6 |b 2610686619  |c 2-1373.789  |l MZK  |r STM 6p  |n 0  |p kup  |h 591.9 KLV  |w 001580560  |u 000020  |a 0  |e BOA001  |j MZK50  |s P 
996 7 |b 2610686620  |c 2-1373.789  |l Vol.výběr  |r VV 0p  |n 13  |h 591.9 KLV  |w 001580560  |u 000030  |a 0  |e BOA001  |j MZK50  |s A